Materials and the Environment : (Record no. 15099)

MARC details
000 -LEADER
fixed length control field 00782nam a22001937a 4500
008 - FIXED-LENGTH DATA ELEMENTS--GENERAL INFORMATION
fixed length control field 110412s2009 enk|||||r|||| 001 0 eng d
020 ## - INTERNATIONAL STANDARD BOOK NUMBER
International Standard Book Number 1856176088
020 ## - INTERNATIONAL STANDARD BOOK NUMBER
International Standard Book Number 9781856176088
082 ## - DEWEY DECIMAL CLASSIFICATION NUMBER
Edition number 22
Classification number 620.11
Item number ASH
100 ## - MAIN ENTRY--PERSONAL NAME
9 (RLIN) 4811
Personal name Ashby, Michael F.
245 ## - TITLE STATEMENT
Title Materials and the Environment :
Remainder of title Eco-Informed Material Choice /
Statement of responsibility, etc Michael F. Ashby
260 ## - PUBLICATION, DISTRIBUTION, ETC. (IMPRINT)
Place of publication, distribution, etc Oxford:
Name of publisher, distributor, etc Butterworth-Heinemann/Elsevier, c2009.
Date of publication, distribution, etc 2009
300 ## - PHYSICAL DESCRIPTION
Extent xi, 385 p. :
Other physical details ill. ;
Dimensions 24 cm.
504 ## - BIBLIOGRAPHY, ETC. NOTE
Bibliography, etc Includes bibliographical references and index.
650 ## - SUBJECT ADDED ENTRY--TOPICAL TERM
9 (RLIN) 23000
Topical term or geographic name as entry element Materials
General subdivision Environmental aspects
653 ## - INDEX TERM--UNCONTROLLED
Resource For college
Arrived date list April2011
942 ## - ADDED ENTRY ELEMENTS (KOHA)
Source of classification or shelving scheme Dewey Decimal Classification
Item type Book - Borrowing
Holdings
Withdrawn status Item status Source of classification or shelving scheme Damaged status Not for loan Vendor Home library Current library Shelving location Date acquired Source of acquisition Cost, normal purchase price Serial Enumeration / chronology Total Checkouts Full call number Barcode Date last seen Koha item type
    Dewey Decimal Classification     Baccah Central Library Central Library First floor 12/04/2011   244.00 12026   620.11 ASH 000023214 15/07/2025 Book - Borrowing